000 00839nam a22002417a 4500
005 20170726103228.0
010 _aBAC-EN21/ENG-108361
020 _c299.00
_a9789382616160
020 _c350.00 (AV)
_a9789382616160
035 _aEN-91894
035 _aB-581160-173
037 _bAakar/Ven
_adpl
037 _bDBAD/PUB
082 _aN
100 _aBasu, Kunal
245 _aThe Yellow Emperor's Cure /
_cby Kunal, Basu
260 _aGurgaon
_bMacmillan
_c2013
270 _a3A, 4th Floor, DLF Corporate Park,
_bGurgaon
_e122002
300 _a325p.
_c22cm(pbk)
942 _2ddc
_cEN
_mBAS
_hN
999 _c78786
_d78786